Los " Aspectos sociales" de la integración centroamericana y la dominación cultural

Gardado en:
Detalles Bibliográficos
Autor Principal: Camacho Monge, Daniel
Formato: Texto
Publicado: s.n.t :
Materias:
Etiquetas: Engadir etiqueta
Sen Etiquetas, Sexa o primeiro en etiquetar este rexistro!

MARC

LEADER 00000 a a2200000 04500
001 14162
003
040
090 |a 021000  
100 |a Camacho Monge, Daniel  
245 |a Los " Aspectos sociales" de la integración centroamericana y la dominación cultural  
260 |a s.n.t :  
300 |a 30 p.  
650 |a ASPECTOS SOCIALES  
650 |a INTEGRACION REGIONAL  
650 |a IDENTIDAD CULTURAL  
999 |c 8506  |d 8506